Primetime propaganda : (Record no. 80027)

MARC details
000 -LEADER
campo de control de longitud fija 02354cam a2200397 a 4500
001 - NÚMERO DE CONTROL
campo de control 118387
005 - FECHA Y HORA DE LA ÚLTIMA TRANSACCIÓN
campo de control 20230410130752.0
008 - DATOS DE LONGITUD FIJA--INFORMACIÓN GENERAL
campo de control de longitud fija 110218s2011 nyu 001 0 eng
035 ## - NÚMERO DE CONTROL DEL SISTEMA
Número de control de sistema 16659008
010 ## - NÚMERO DE CONTROL DE LA BIBLIOTECA DEL CONGRESO
Número de control de LC 2011006275
020 ## - NÚMERO INTERNACIONAL ESTÁNDAR DEL LIBRO
Número Internacional Estándar del Libro 9780061934773 (hardback)
040 ## - FUENTE DE CATALOGACIÓN
Centro catalogador/agencia de origen DLC
Centro/agencia transcriptor DLC
Centro/agencia modificador DLC
041 ## - CÓDIGO DE IDIOMA
Código de lengua del texto/banda sonora o título independiente Eng
042 ## - CÓDIGO DE AUTENTICACIÓN
Código de autenticación pcc
043 ## - CÓDIGO DE ÁREA GEOGRÁFICA
Código de área geográfica n-us---
050 14 - SIGNATURA TOPOGRÁFICA DE LA BIBLIOTECA DEL CONGRESO
Número de clasificación PN1992.3.U5
Número de ítem S534 2011
082 00 - NÚMERO DE LA CLASIFICACIÓN DECIMAL DEWEY
Número de clasificación 791.450973
Número de edición 22
084 ## - OTRO NÚMERO DE CLASIFICACIÓN
Número de clasificación SOC022000
-- POL042020
Fuente del número bisacsh
100 1# - ENTRADA PRINCIPAL--NOMBRE DE PERSONA
Nombre de persona Shapiro, Ben.
245 10 - MENCIÓN DEL TÍTULO
Título Primetime propaganda :
Resto del título the true Hollywood story of the how the left took over your TV /
Mención de responsabilidad, etc. Ben Shapiro.
250 ## - MENCION DE EDICION
Mención de edición 1st ed.
260 ## - PUBLICACIÓN, DISTRIBUCIÓN, ETC.
Lugar de publicación, distribución, etc. New York :
Nombre del editor, distribuidor, etc. Broadside Books,
Fecha de publicación, distribución, etc. 2011.
300 ## - DESCRIPCIÓN FÍSICA
Extensión xx, 394 p. ;
Dimensiones 24 cm.
500 ## - NOTA GENERAL
Nota general Includes index.
505 ## - NOTA DE CONTENIDO CON FORMATO
Nota de contenido con formato Prologue: How conservatives lost the television war -- Introduction: The political perversion of television -- The secret political history of television : how television became liberal -- The clique : how television stays liberal -- A spoonful of sugar : how television comedy trashes conservatism -- Making the Right cry : how television drama glorifies liberalism -- "Shut up and change the channel" : how the Left uses the market myth to silence its critics -- The celluloid triangle : how interest groups, government and Hollywood conspire to keep TV left -- The government-Hollywood complex : how Hollywood became the federal government's PR firm -- Robbing the cradle : how television liberals recruit kids -- The end of television? : How to fix TV -- Appendix: The best conservative shows in television history.
520 ## - RESUMEN, ETC.
Sumario, etc. "The story of how the most powerful medium of mass communication in human history became a propaganda tool for one side of the political spectrum: the left side" --
Fuente proveedora Provided by publisher.
650 #0 - PUNTO DE ACCESO ADICIONAL DE MATERIA--TÉRMINO DE MATERIA
Término de materia o nombre geográfico como elemento de entrada Television programs
Subdivisión geográfica United States
Subdivisión general History
Subdivisión cronológica 20th century.
650 #0 - PUNTO DE ACCESO ADICIONAL DE MATERIA--TÉRMINO DE MATERIA
Término de materia o nombre geográfico como elemento de entrada Mass media and propaganda
Subdivisión geográfica United States
Subdivisión general History
Subdivisión cronológica 20th century.
650 #0 - PUNTO DE ACCESO ADICIONAL DE MATERIA--TÉRMINO DE MATERIA
Término de materia o nombre geográfico como elemento de entrada Popular culture
Subdivisión geográfica United States
Subdivisión general History
Subdivisión cronológica 20th century.
650 #0 - PUNTO DE ACCESO ADICIONAL DE MATERIA--TÉRMINO DE MATERIA
Término de materia o nombre geográfico como elemento de entrada Liberalism
Subdivisión geográfica United States
Subdivisión general History
Subdivisión cronológica 20th century.
650 #7 - PUNTO DE ACCESO ADICIONAL DE MATERIA--TÉRMINO DE MATERIA
Término de materia o nombre geográfico como elemento de entrada SOCIAL SCIENCE / Popular Culture
Fuente del encabezamiento o término bisacsh.
650 #7 - PUNTO DE ACCESO ADICIONAL DE MATERIA--TÉRMINO DE MATERIA
Término de materia o nombre geográfico como elemento de entrada POLITICAL SCIENCE / Political Ideologies / Conservatism & Liberalism
Fuente del encabezamiento o término bisacsh.
925 0# -
-- acquire
-- 2 shelf copies
-- policy default
942 ## - ELEMENTOS DE ENTRADA SECUNDARIOS (KOHA)
Fuente del sistema de clasificación o colocación Clasificación de Library of Congress
Tipo de ítem Koha
946 ## - PROCESAMIENTO DE INFORMACIÓN LOCAL (OCLC)
a dpf
Holdings
Estatus retirado Estado de pérdida Fuente del sistema de clasificación o colocación Estado de daño No para préstamo Colección Biblioteca de origen Biblioteca actual Ubicación en estantería Fecha de adquisición Serial enumeration / chronology Signatura topográfica completa Código de barras Visto por última vez Copia número Tipo de ítem Koha
    Clasificación de Library of Congress     Humanidades Biblioteca Juan Bosch Biblioteca Juan Bosch Humanidades (4to. Piso) 10/04/2023 4 PN1992.3.U5 S534 2011 00000111071 25/10/2018 1